000 00328nam a22001457a 4500
008 221017b ||||| |||| 00| 0 eng d
020 _a9780961820947
041 _aeng
080 _a610.73
082 _a610.73
100 _a9
101 _aINF
245 _aCLINICAL AND FORENSIC INTERVIEWING
_cSATTLER J
942 _2udc
_cBK
999 _c58590
_d58590